| 000 | 00365nam a2200133Ia 4500 | ||
|---|---|---|---|
| 008 | 210210b1977 xxu||||| |||| 00| 0 eng d | ||
| 082 | _aS891.4 SASL | ||
| 100 | _aSASTRI (V S Srinivasa). | ||
| 245 | _aLectures on the Ramayana. | ||
| 260 |
_aMadras _bS Viswanathan Pvt. Ltd. _c1977 |
||
| 300 | _axv,xxxi,477 | ||
| 690 | _aSanskrit Prose & Champu | ||
| 906 | _aSG01756 | ||
| 999 |
_c112938 _d112938 |
||